| 000 | 00383nam a22001457a 4500 | ||
|---|---|---|---|
| 020 | _qPB. | ||
| 040 | _cFIZZA ISHAQ | ||
| 082 |
_a005.8 _bCHA |
||
| 100 |
_aMARGULIES JONATHAN PFLEEGER P. CHARLES. _989589 |
||
| 245 |
_aSECURITY IN COMPUTING / _cCHARLES P. PFLEEGER JONATHAN MARGULIES. |
||
| 250 | _a5th ED. | ||
| 260 |
_aPEARSON ; _c2018. |
||
| 300 | _a910 P. ; | ||
| 942 |
_2ddc _cBK |
||
| 999 |
_c588251 _d588251 |
||